[Event "Risarald op"]
[Site "Risarald"]
[Date "2015.06.14"]
[Round "5"]
[White "Hoyos, Camilo"]
[Black "Ramirez, Humberto"]
[Result "1-0"]
[WhiteElo "1851"]
[BlackElo "1628"]
[PlyCount "39"]
[EventDate "2015.06.12"]
[EventType "swiss"]
[EventRounds "7"]
[EventCountry "COL"]
[SourceTitle "CBM 167 Extra"]
[Source "ChessBase"]
[SourceDate "2015.09.14"]
[SourceVersion "1"]
[SourceVersionDate "2015.09.14"]
[SourceQuality "1"]

1. e4 d6 2. Nf3 Nf6 3. Nc3 g6 4. d4 Bg7 5. Bc4 0-0 6. Bf4 Nbd7 7. Qd2 c5 8. d5 Nb6 9. Be2 Bg4 10. 0-0-0 Nfd7 11. Bh6 Nf6 12. h3 Bd7 13. g4 Na4 14. Bxg7 Kxg7 15. g5 Ne8 16. Nxa4 Bxa4 17. h4 Bd7 18. h5 Kg8 19. Qf4 Nc7 20. Qh4 1-0